| 000 | 00922 a2200181 4500 | ||
|---|---|---|---|
| 003 | Nust | ||
| 005 | 20221205091457.0 | ||
| 040 | _cNust | ||
| 082 | _a621.381528,LOA | ||
| 100 |
_aArthur W. Lo _9104064 |
||
| 245 |
_aTransistor electronics / _cArthur W. Lo |
||
| 260 |
_aPrentice-Hall _bEnglewood Cliffs [N.J.] _c1958 |
||
| 300 |
_a521 p _b22 cm |
||
| 505 | _aPhysical Concepts (Page-1), Characteristics, Parameters Equivalent Circuits (Page-37), Basic Amplifier Configurations (Page-81), Direct Current Bias Circuits (Page-131), Low Frequency Amplifiers (Page-155), Power Amplifiers (Page-197), High Frequency Operation (Page-225), Physical Interpretation of Transistor Parameters (Page-272), High Frequency Amplifiers (Page-310), Oscillators (Page-349), Modulation and Demodulation (Page-385), Pulse Circuit (Page-433) | ||
| 600 |
_aArthur W. Lo _9104064 |
||
| 650 | _aTelecommunication Engineering | ||
| 942 |
_2ddc _cBK |
||
| 999 |
_c182338 _d182338 |
||